Deviance: Voice from the Margin / (Record no. 616807)
[ view plain ]
| 000 -LEADER | |
|---|---|
| fixed length control field | 00375nam a22001337a 4500 |
| 020 ## - INTERNATIONAL STANDARD BOOK NUMBER | |
| Qualifying information | PB. |
| 040 ## - CATALOGING SOURCE | |
| Transcribing agency | Fizza Ishaq |
| 082 ## - DEWEY DECIMAL CLASSIFICATION NUMBER | |
| Classification number | 302.5 |
| Author Mark | JAM |
| 100 ## - MAIN ENTRY--PERSONAL NAME | |
| Personal name | Skipper, K. James. |
| 9 (RLIN) | 133832 |
| 245 ## - TITLE STATEMENT | |
| Title | Deviance: Voice from the Margin / |
| Statement of responsibility, etc. | James K. Skipper. |
| 260 ## - PUBLICATION, DISTRIBUTION, ETC. | |
| Place of publication, distribution, etc. | New York : |
| Name of publisher, distributor, etc. | Wadsworth Publishing Company, |
| Date of publication, distribution, etc. | 1981. |
| 300 ## - PHYSICAL DESCRIPTION | |
| Extent | 207 p. ; |
| Dimensions | 7.3x9.1 inches |
| 942 ## - ADDED ENTRY ELEMENTS (KOHA) | |
| Source of classification or shelving scheme | |
| Koha item type | Book |
| Withdrawn status | Lost status | Source of classification or shelving scheme | Damaged status | Not for loan | Permanent Location | Current Location | Shelving location | Date acquired | Total Checkouts | Full call number | Barcode | Date last seen | Price effective from | Koha item type |
|---|---|---|---|---|---|---|---|---|---|---|---|---|---|---|
| NUST Baluchistan Campus (NBC) | NUST Baluchistan Campus (NBC) | General Stacks | 04/02/2026 | 302.5 JAM | QD-452 | 04/02/2026 | 04/02/2026 | Book |
